Normal view
MARC view
Entry Personal Name
001 - CONTROL NUMBER
- control field: 1045691
003 - CONTROL NUMBER IDENTIFIER
- control field: OSt
005 - DATE AND TIME OF LATEST TRANSACTION
- control field: 20260121164942.0
008 - FIXED-LENGTH DATA ELEMENTS
- fixed length control field: 260121|| aca||aabn | a|a d
040 ## - CATALOGING SOURCE
- Original cataloging agency: OSt
- Transcribing agency: OSt
100 ## - HEADING--PERSONAL NAME
- Personal name: Rudolf Kippenhahn, Alfred Weigert, Achim Weiss
670 ## - SOURCE DATA FOUND
- Source citation: Work cat.: (OSt)1611414: Rudolf Kippenhahn, Alfred Weigert, Achim Weiss, Stellar Structure and Evolution
